Adversaires principaux du MCU pour chaque film - Statistiques

Statistiques générales
  • Ce quiz a été pris 400 fois
    389 depuis la dernière actualisation
  • Le résultat moyen est 17 sur 23
Statistiques - réponses
Film Adversaire(s) % Correct
Thor Loki
99%
Avengers Loki
99%
Avengers : Infinity War Thanos
98%
Avengers : Endgame Thanos
98%
Avengers : L'ère d'Ultron Ultron/En même temps c'est dans le titre
96%
Captain America : Le Soldat de l'Hiver Le Soldat de l'Hiver/Alexander Pierce
91%
Captain America : First Avenger Crâne Rouge
88%
Spider-Man : Far From Home Mysterio
83%
Thor : Ragnarok Hela
82%
Spider-Man : Homecoming Le Vautour
76%
Les Gardiens de la Galaxie Vol.2 Ego
74%
Black Panther Killmonger
74%
Iron Man 3 Aldrich Killian/Le Mandarin
71%
Captain America : Civil War Helmut Zemo
67%
L'Incroyable Hulk L'Abomination
66%
Doctor Strange Dormammu/Kaecilius
65%
Ant-Man Yellowjacket
62%
Iron Man 2 Whiplash/Justin Hammer
58%
Thor : Le Monde des Ténèbres Malekith
55%
Les Gardiens de la Galaxie Ronan l'Accusateur
55%
Ant-Man et la Guêpe Fantôme/Sonny Burch
52%
Iron Man Iron Monger
50%
Captain Marvel L'Intelligence Suprême
15%
Aucun quiz correspondant
Distribution des résultats
% des personnes avec chaque résultat
Percentile par nombre de réponses
Votre historique - résultats
Vous n’avez pas pris ce quiz depuis la dernière actualisation